Mother Mary comes to me /

"Legendary and beloved novelist Arundhati Roy’s memoir, tracing her complicated relationship with her mother and her literary and political becoming."--

Bibliografiske detaljer
Hovedforfatter: Roy, Arundhati (Author)
Format: Bog
Sprog:English
Udgivet: India : Penguin Random House 2025.
Fag:
Classic Catalogue: View this record in Classic Catalogue
LEADER 02179nam a2200433 i 4500
001 45437
003 BD-DhAAL
005 20260331134918.0
008 260331t2025 ii 000 0aeng
010 |a  2025414616 
020 |a 9781668095058 
020 |a 978014347360 
020 |a 166809505X 
040 |a DLC  |b eng  |e rda  |d BD-DhAAL 
043 |a a-ii--- 
050 0 0 |a PR9499.3.R59  |b Z46 2025 
082 0 4 |a 823.914  |2 23 
100 1 |a Roy, Arundhati,  |e author 
245 1 0 |a Mother Mary comes to me /  |c Arundhati Roy. 
260 |a India :  |b Penguin Random House  |c 2025. 
300 |a xiii, 373 pages ;  |c 24 cm 
520 |a "Legendary and beloved novelist Arundhati Roy’s memoir, tracing her complicated relationship with her mother and her literary and political becoming."-- 
526 8 |a ENH  |x Sabreena Ahmed, PhD Associate Professor Department of English and Humanities Course name and No. : The Modern World ''(HST 102)'' & Comparative Revaluations ''(HST 202)'' 
530 |a Issued also in electronic format. 
541 1 |a Book Finder International  |e 45437 
600 1 0 |a Roy, Arundhati. 
650 0 |a Authors, Indic  |y 20th century  |v Biography.  |9 60381 
650 0 |a Authors, Indic  |y 21st century  |v Biography.  |9 60382 
650 0 |a Political activists  |z India  |y 21st century  |v Biography.  |9 60383 
650 0 |a Mothers and daughters  |v Biography.  |9 60384 
650 6 |a Écrivains de l'Inde  |y 20e siècle  |v Biographies.  |9 60385 
650 6 |a Écrivains de l'Inde  |y 21e siècle  |v Biographies.  |9 60386 
650 6 |a Activistes  |z Inde  |y 21e siècle  |v Biographies.  |9 60387 
650 6 |a Mères et filles  |v Biographies.  |9 60388 
655 0 |a Autobiographies. 
852 1 |a Ayesha Abed Library  |c General Stacks 
942 |2 ddc  |c BK 
999 |c 47747  |d 47747 
952 |0 0  |1 0  |2 ddc  |4 0  |6 823_914000000000000_ROY  |7 0  |9 78841  |a BRACUL  |b BRACUL  |c NEW  |d 2026-03-05  |e Book Finder International   |g 1158.00  |l 1  |m 8  |o 823.914 ROY  |p 3010045437  |q 2026-06-02  |r 2026-04-02  |s 2026-04-02  |t 1  |v 2316.00  |w 2026-03-05  |y BK  |x Requisitioned by Sabreena Ahmed, PhD (Assistant Professor, Department of English and Humanities, BRAC University) for the course named- The Modern World ''(HST 102)'' & Comparative Revaluations ''(HST 202)''